ছোটগল্পের কথা / (Record no. 65390)
[ view plain ]
| 000 -LEADER | |
|---|---|
| fixed length control field | 00931nam a2200241 a 4500 |
| 001 - CONTROL NUMBER | |
| control field | 65390 |
| 003 - CONTROL NUMBER IDENTIFIER | |
| rucl marc code | BD-RjUL |
| 005 - DATE AND TIME OF LATEST TRANSACTION | |
| control field | 20211209081424.0 |
| 008 - FIXED-LENGTH DATA ELEMENTS--GENERAL INFORMATION | |
| fixed length control field | 170305s1959 ii |||| ||| 000 0 ben d |
| 020 ## - INTERNATIONAL STANDARD BOOK NUMBER | |
| Terms of availability | Tk. 5.00 |
| 035 ## - SYSTEM CONTROL NUMBER | |
| System control number | (BD-RjUL)65520 |
| 040 ## - CATALOGING SOURCE | |
| Original cataloging agency | BD-RjUL |
| Language of cataloging | ben |
| Transcribing agency | BD-RjUL |
| Modifying agency | BD-RjUL |
| 041 ## - LANGUAGE CODE | |
| Language code of text/sound track or separate title | ben |
| 082 ## - DEWEY DECIMAL CLASSIFICATION NUMBER | |
| Edition number | 23 |
| Classification number | 891.44309 |
| Author mark and year | ROS 1959 |
| 100 1# - MAIN ENTRY--PERSONAL NAME | |
| Personal name | রায়, রথীন্দ্রনাথ |
| 9 (RLIN) | 119725 |
| 245 10 - TITLE STATEMENT | |
| Title | ছোটগল্পের কথা / |
| Statement of responsibility, etc. | রথীন্দ্রনাথ রায় |
| 250 ## - EDITION STATEMENT | |
| Edition statement | ১ম সং. |
| 260 ## - PUBLICATION, DISTRIBUTION, ETC. (IMPRINT) | |
| Place of publication, distribution, etc. | কলকাতা : |
| Name of publisher, distributor, etc. | সুপ্রকাশ প্রাইভেট লিমিটেড, |
| Date of publication, distribution, etc. | ১৯৫৯ |
| 300 ## - PHYSICAL DESCRIPTION | |
| Pagination | ২০৮ পৃ. ; |
| Size | ২১ সেমি. |
| 650 ## - SUBJECT ADDED ENTRY--TOPICAL TERM | |
| Topical term or geographic name as entry element | বাংলা ছোটগল্প |
| General subdivision | ইতিহাস ও সমালোচনা |
| 9 (RLIN) | 139656 |
| Topical term or geographic name as entry element | Bengali Short stories |
| 9 (RLIN) | 146896 |
| General subdivision | History & Criticism |
| 942 ## - ADDED ENTRY ELEMENTS (KOHA) | |
| Source of classification or shelving scheme | Dewey Decimal Classification |
| Koha item type | Books |
| Lost status | Source of classification or shelving scheme | Damaged status | Not for loan | Collection code | Permanent Location | Current Location | Shelving location | Date acquired | Source of acquisition | Cost, normal purchase price | Total Checkouts | Full call number | Date last seen | Copy number | Koha item type |
|---|---|---|---|---|---|---|---|---|---|---|---|---|---|---|---|
| Dewey Decimal Classification | Not For Loan | Fiction | Central Library, University of Rajshahi | Central Library, University of Rajshahi | Reading Room | 01/10/1963 | Kamal book | 5.00 | B 891.44309 ROS 1959 | 05/03/2017 | C-1 | Books | |||
| Dewey Decimal Classification | Fiction | Central Library, University of Rajshahi | Central Library, University of Rajshahi | General Stacks | 01/10/1963 | Kamal book | 5.00 | B 891.44309 ROS 1959 | 30/10/2025 | C-2 | Books |